00861nam a2200241 a 450000100060000000300080000600500170001400800410003103500190007204000430009104100080013408200260014210000210016824500370018926000860022630000350031249000730034749000620042050400300048265000310051283000350054383000410057847130BD-RjUL20211209054250.0160807s1965 nyua b 00000 eng  a(BD-RjUL)47249 aDLCcWSUdSERdm.c.dBOSdBD-RjULbeng aeng 223a370.952bPAS 19651 aPassin, Herbert.10aSociety and education in Japan / a[New York]bBureau of Publications, Teachers College, Columbia University,c1965. axvii, 347 p. :billus;c19 cm.1 aTeachers College, Columbia University. Comparative education series.1 aStudies of the East Asian Institute, Columbia University. aBibliography: p. 327-337. 0aEducationzJapanxHistory. 0aComparative education studies. 0aStudies of the East Asian Institute.